Catálogo público

Insect morphology and phylogeny : (Record no. 220532)

MARC details
000 -CABECERA
campo de control de longitud fija 02215nam a2200325 a 4500
003 - IDENTIFICADOR DEL NÚMERO DE CONTROL
campo de control OSt
005 - FECHA Y HORA DE LA ÚLTIMA TRANSACCIÓN
campo de control 20250821134742.0
008 - DATOS DE LONGITUD FIJA--INFORMACIÓN GENERAL
campo de control de longitud fija 250520b |||||||| |||| 00| 0 eng d
020 ## - NÚMERO INTERNACIONAL ESTÁNDAR DEL LIBRO
Número Internacional Estándar del Libro 978-3-11-026263-6
040 ## - FUENTE DE LA CATALOGACIÓN
Centro catalogador/agencia de origen CHAP
Centro/agencia transcriptor PA
Normas de descripción rda
041 ## - CÓDIGO DE LENGUA
Código de lengua del texto/banda sonora o título independiente eng
Código de lengua del sumario o resumen eng
Código de lengua de la tabla de contenido eng
Código de lengua original eng
082 ## - NÚMERO DE LA CLASIFICACIÓN DECIMAL DEWEY
Número de clasificación PA 595.704
Número de documento/Ítem .B48
100 ## - ENTRADA PRINCIPAL--NOMBRE DE PERSONA
Nombre de persona Beutel, Rolf G.
Término indicativo de función/relación autor
9 (RLIN) 190390
245 ## - MENCIÓN DE TÍTULO
Título Insect morphology and phylogeny :
Resto del título a textbook for students of entomology /
Mención de responsabilidad, etc. Rolf G. Beutel, Frank Friedrich, Si-Qin Ge, Xing-Ke Yang
264 ## - PRODUCCIÓN, PUBLICACIÓN, DISTRIBUCIÓN, FABRICACIÓN Y COPYRIGHT
Producción, publicación, distribución, fabricación y copyright Berlin :
Nombre del de productor, editor, distribuidor, fabricante De Gruyter,
Fecha de producción, publicación, distribución, fabricación o copyright 2014
300 ## - DESCRIPCIÓN FÍSICA
Extensión xv, 516 páginas
Otras características físicas ilustraciones, tablas
336 ## - TIPO DE CONTENIDO
Fuente rdacontent
Término de tipo de contenido texto
Código de tipo de contenido txt
337 ## - TIPO DE MEDIO
Fuente rdamedia
Nombre/término del tipo de medio sin medio
Código del tipo de medio n
338 ## - TIPO DE SOPORTE
Fuente rdacarrier
Nombre/término del tipo de soporte volumen
Código del tipo de soporte nc
490 1# - MENCIÓN DE SERIE
Mención de serie De Gruyter graduate
505 ## - NOTA DE CONTENIDO CON FORMATO
Nota de contenido con formato Foreword -- Acknowledgements -- Contents -- 1. Morphology -- 2. Reproduction, development and immature stages -- 3. Glossary -- 4. Traditional and modern techniques in insect morphology -- 5. Phylogenetic reconstruction based on morphology -- 6. The orders of Hexapoda -- 7. Literature -- Taxonomic Index.
520 ## - SUMARIO, ETC.
Sumario, etc. This handbook provides an in-depth treatment of insect morphology. The first part presents an up-to-date overview of insect morphology with detailed drawings, brilliant scanning electron micrographs and 3-D reconstructions as interactive PDFs. This is complemented by a chapter on innovative morphological techniques (e.g., µ-computer tomography, 3-D modeling) and a comprehensive morphological glossary. The second part treats the state of the art in insect systematics and includes taxon-specific morphological information for all orders. Systematics are treated formally, with for example the arguments for relationships ("apomorphies") always listed explicitly. The work is a useful reference for students and researchers working in different fields of biology and a must for those dealing with insects from an evolutionary perspective.
534 ## - NOTA SOBRE LA VERSIÓN ORIGINAL
Frase introductoria Título original:
650 #0 - PUNTO DE ACCESO ADICIONAL DE MATERIA--TÉRMINO DE MATERIA
Término de materia o nombre geográfico como elemento de entrada Insectos
Subdivisión general Morfología
9 (RLIN) 170911
650 #0 - PUNTO DE ACCESO ADICIONAL DE MATERIA--TÉRMINO DE MATERIA
Término de materia o nombre geográfico como elemento de entrada Insectos
Subdivisión general Filogenetica
9 (RLIN) 190395
700 ## - PUNTO DE ACCESO ADICIONAL--NOMBRE DE PERSONA
Nombre de persona Friedrich, Frank
Término indicativo de función/relación autor
9 (RLIN) 190392
700 ## - PUNTO DE ACCESO ADICIONAL--NOMBRE DE PERSONA
Nombre de persona Ge, Si-Qin,
Término indicativo de función/relación autor
9 (RLIN) 190393
700 ## - PUNTO DE ACCESO ADICIONAL--NOMBRE DE PERSONA
Nombre de persona Yang, Xing - Ke,
Término indicativo de función/relación autor
9 (RLIN) 190394
942 ## - ELEMENTOS DE PUNTO DE ACCESO ADICIONAL (KOHA)
Fuente del sistema de clasificación o colocación Dewey Decimal Classification
Tipo de ítem Koha Libro
Holdings
Estado de retiro Estado de pérdida Fuente del sistema de clasificación o colocación Estado dañado Restricciones de uso No para préstamo Código de colección Localización permanente Ubicación/localización actual Fecha de adquisición Fuente de adquisición Información codificada de la localización en otra ubicación Número de inventario Total de préstamos Signatura topográfica completa Código de barras Fecha visto por última vez Número de copia Precio válido a partir de Tipo de ítem Koha
    Dewey Decimal Classification   Préstamo interno   General Parasitologia Agricola Parasitologia Agricola 20/05/2025 Compra Libro Consumo   PA 595.704 .B48 4102004109 20/05/2025 Ej.1 20/05/2025 Libro
    Dewey Decimal Classification   Préstamo 3 días   General Parasitologia Agricola Parasitologia Agricola 20/05/2025 Compra Libro Consumo   PA 595.704 .B48 4102004110 20/05/2025 Ej.2 20/05/2025 Libro
    Dewey Decimal Classification   Préstamo 3 días   General Parasitologia Agricola Parasitologia Agricola 20/05/2025 Compra Libro Consumo   PA 595.704 .B48 4102004111 20/05/2025 Ej.3 20/05/2025 Libro